000
00273nam a2200109Ia 4500
008
230907s9999||||xx |||||||||||||| ||und||
082
_a
621.395
_b
BOO
100
_a
Lam, Tak-Kei,
_9
116055
245
0
_a
Boolean circuit rewiring :
300
_a
xvii, 214 pages ;
942
_c
BK
999
_c
600907
_d
600907